000 00372pab a2200157 454500
008 180718b2013 xxu||||| |||| 00| 0 eng d
100 _aAhmad, Shoeb
245 _aParadigms of quality of work life
260 _c2013
300 _ap.73-82.
362 _aApr
650 _aQuality of working life
773 _aJournal of Human Values
908 _aN
909 _a99085
999 _c99084
_d99084